Statistics for Spanish Translations of Song Titles #3

Click here to take the quiz!

General Stats

  • This quiz has been taken 320 times
    (308 since last reset)
  • The average score is 11 of 28

Answer Stats

Hint Answer % Correct
Negra o BlancaBlack or White
93%
Ojo del TigreEye of the Tiger
90%
Oye MickeyHey Mickey
76%
Vibraciones BuenasGood Vibrations
76%
Loca de AmorCrazy In Love
71%
Un AmorOne Love
66%
Tarta AmericanaAmerican Pie
57%
Listo Para IrReady to Go
51%
Rubí MartesRuby Tuesday
49%
ParaguasUmbrella
49%
Veintidós22
47%
Detrás de Ojos AzulesBehind Blue Eyes
45%
Súper BajoSuper Bass
41%
La ManeraThe Way
37%
Campos de Fresas Para SiempreStrawberry Fields Forever
37%
Mejor Canción de Todos los TiemposBest Song Ever
35%
Buscadora de OroGold Digger
33%
Sé Que Me DeseasI Know You Want Me
30%
Belleza y un RitmoBeauty and a Beat
29%
Algún Lugar Encima del Arco IrisSomewhere Over the Rainbow
25%
Rodando en lo ProfundoRolling In the Deep
25%
Fuego ArtificialFirework
22%
Tómalo Con CalmaTake It Easy
16%
Taza Solo RojaRed Solo Cup
15%
Hombre de CoheteRocket Man
10%
LuciérnagasFireflies
8%
AzótaloWhip It
5%
Sigue AdelanteMove Along
1%

Score Distribution

Percentile by Number Answered

Percent of People with Each Score

Your Score History

You have not taken this quiz since the last reset